1004 1468 1994 1089 1424 1151 1421 1507 1743 1645 1869 1587 1987 1243 1888 1141 1010 1282 1882 1994 1812 1038 1108 1688 1779 1034 1605 1274 1672 1939 1201 1453 1690 1215 1107 1876 1354 1152 1459 1313 1173 1886 1970 1370 1678 1201 1389 1090 1390 1650 1514 1417 1440 1330 1409 1136 1992 1361 1182 1603 1040 1739 1458 1509 1134 1346 1684 1517 1331 1022 1491 1323 1181 1444 1416 1223 1851 1887 1791 1157 1554 1573 1265 1361 1938 1337 1542 1911 1346 1086 1401 1218 1271 1560 1500 1987 1220 1291 1650 BCNSPRNW ULIB Ver.6.0+V

เปลี่ยนเป็นภาษาไทย

Change to English
 แสดงรายละเอียดบรรณานุกรม
  กลับหน้าหลัก

Brief Record : Get Marc (ISO 2709) : E-mail record : QR code < ปิดหน้าต่าง
LEADER : 00000nas 2200000uu 4500
001    13399122482
003     ULIB
008    130704s||||||||th 000 0 tha d
022 0  1685-1414
110 1  มหาวิทยาลัยคริสเตียน
245 00 วารสารมหาวิทยาลัยคริสเตียน
310    ^aรายสี่เดือน
850 ^a ULIB^bปีที่ 18 ฉบับที่ 1 ;ปีที่ 18 ฉบับที่ 2 ;ปีที่ 18 ฉบับที่ 3 ;ปีที่ 1 ฉบับที่ 1 ฉ.1 ;ปีที่ 1 ฉบับที่ 2 ฉ.1 ;ปีที่ 20 ฉบับที่ 3 ฉ.1 ;ปีที่ 21 ฉบับที่ 1 ฉ.1
945    ^p0^l0^i901416
945    ^p0^l0^i901417
945    ^p0^l0^i901418
945    ^p0^l0^i902989
945    ^p0^l0^i904379
945    ^p0^l0^i904434
945    ^p0^l0^i904436
999    ^aเกษร โพธิ์สุวรรณ
รายการนี้ยังไม่มีแท็ก
คุณยังไม่ได้ล็อกอิน คุณสามารถมีกิจกรรมร่วมกับเว็บไซต์ได้ แต่ต้องล็อกอินก่อน ::
  ล็อกอิน

รายการสื่อสารสนเทศ (วารสาร)

ดูแบบ: กล่อง รายการ
ARRIVED
ปีที่ 18 ฉบับที่ 1
สถานที่: ห้องสมุดวิทยาเขตสวรรค์ประชารักษ์ >วารสาร
ARRIVED
ปีที่ 18 ฉบับที่ 2
สถานที่: ห้องสมุดวิทยาเขตสวรรค์ประชารักษ์ >วารสาร
ARRIVED
ปีที่ 18 ฉบับที่ 3
สถานที่: ห้องสมุดวิทยาเขตสวรรค์ประชารักษ์ >วารสาร
ARRIVED
ปีที่ 1 ฉบับที่ 2 ฉ.1
สถานที่: ห้องสมุดวิทยาเขตสวรรค์ประชารักษ์ >หนังสือพิมพ์
ARRIVED
ปีที่ 20 ฉบับที่ 3 ฉ.1
สถานที่: ห้องสมุดวิทยาเขตสวรรค์ประชารักษ์ >หนังสือพิมพ์
ARRIVED
ปีที่ 1 ฉบับที่ 1 ฉ.1
สถานที่: ห้องสมุดวิทยาเขตสวรรค์ประชารักษ์ >หนังสือพิมพ์
ARRIVED
ปีที่ 21 ฉบับที่ 1 ฉ.1
สถานที่: ห้องสมุดวิทยาเขตสวรรค์ประชารักษ์ >หนังสือพิมพ์

BibComment


ยังไม่เคยถูกคอมเมนท์

คอมเมนท์ทรัพยากรรายการนี้
  คอมเมนท์: วารสารมหาวิทยาลัย..


 Copyright 2026. Bcnsprnw @Library